00573nam a22002177a 450000500170000001000110001702000100002803500110003803700160004904000120006508200160007710000180009324500700011126000260018127000110020730000260021850000300024465000370027465000240031170000200033520170124110112.0 a408223 c00.00 a408223 bCen Lib/Ret aDPLbEN a915.91bBIS aBisch, Jorgen aWhy Buddha smiles /cby Jorgen Bisch; translated by Gwynne Vevers aLondonbCollinsc1964 bLondon a158p.c21cm(HB)bill. aIncludes Bibliographical  aBurma -- Social life and customs aManners and customs aVevers, Gwynne